000 00575nam a2200193 a 4500
999 _c4946
_d4946
003 ALUPE UNIVERSITY
005 20220331111208.0
008 070528s2007 stk 000 0 eng d
020 _a9780550103499 (pbk.)
040 _cALUPE UNIVERSITY
050 _aR121
_b.C53 2007
245 0 0 _aClassical roots for medics /
_c[editor, Katie Brooks].
260 _aEdinburgh :
_bChambers,
_cc2007.
300 _aix, 213 p. ;
_c20 cm.
650 0 _aMedicine
_vTerminology.
700 1 _aBrooks, Katie.
942 _2lcc
_cBK